00775nam a2200229Ii 45000010005000000030009000050080041000140200014000550400033000690410008001020840013001101000032001232450016001552640081001713000012002523360026002643370028002903380027003189400050003459990017003959520133004128175CO-ViMGA241108s9999||||xx |||||||||||||| ||und|| a844730313 aCO-ViMGAbspaerdacCO-ViMGA0 aunk aN QUE2bu1 aFrancisco de Quevedo94695510aEl buscón 1a[Lugar de publicación no identificado] : Printer Industria gráfica, 1994 avolumen atextbtxt2rdacontent aunmediatedbn2rdamedia avolumebnc2rdacarrier aidficha_siabuc: 7991. -- ficha_no_siabuc:8175 c51680d51680 001040708012aMEVIGERRbMEVIGERRcLITd2006-11-27oN QUE2bupECA8335r2024-11-26 10:08:32tEj.1w2024-11-26yBKz7991 | 11176